000 00764nam a2200265Ia 4500
003 OSt
005 20220926012137.0
006 a|||||r|||| 00| 0
007 ta
008 220923b |||||||| |||| 00| 0 eng d
020 _a0631156259
037 _cGeneral Book
040 _aRTL
_cRTL
_beng
041 _2eng
_aeng
082 _aU672, M9
100 _aStorper Michael
_9250778
245 0 _aCapitalist imperative
_b Territory, technology, and industrial growth
260 _aNew York
_bBasil Blackwell U S A
_c1989
300 _aix,279p.
_ccm.
500 _aBib p. 228-64
650 _aGeography
700 _a Walker Richard
_9248161
942 _hU672, M9
_cGB
_2CC
999 _c621857
_d621857